ARRUPE JESUIT UNIVERSITY

CORONAVIRUS -STOP THE SPREAD - CLEAN,DISINFECT,COVER

Parish, priest & people : (Record no. 120959)

MARC details
000 -LEADER
fixed length control field 01068cam a2200337 a 4500
001 - CONTROL NUMBER
control field 4443630
003 - CONTROL NUMBER IDENTIFIER
control field ARRUPE
005 - DATE AND TIME OF LATEST TRANSACTION
control field 20140924175659.0
008 - FIXED-LENGTH DATA ELEMENTS--GENERAL INFORMATION
fixed length control field 811015s1981 ilu b 000 0 eng
010 ## - LIBRARY OF CONGRESS CONTROL NUMBER
LC control number 81178109
020 ## - INTERNATIONAL STANDARD BOOK NUMBER
International Standard Book Number 0883471310 :
035 ## - SYSTEM CONTROL NUMBER
System control number (OCoLC)7726536
035 ## - SYSTEM CONTROL NUMBER
System control number (OCoLC)ocm07726536
035 ## - SYSTEM CONTROL NUMBER
System control number (NNC)4443630
040 ## - CATALOGING SOURCE
Original cataloging agency DLC
Transcribing agency DLC
Modifying agency NNUT
-- CStRLIN
050 0# - LIBRARY OF CONGRESS CALL NUMBER
Classification number BX1913
Item number .P287
090 ## - LOCALLY ASSIGNED LC-TYPE CALL NUMBER (OCLC); LOCAL CALL NUMBER (OCLC)
Classification number (OCLC) (R) ; Classification number, CALL (RLIN) (NR) BX1913
Local cutter number (OCLC) ; Book number/undivided call number, CALL (RLIN) .P287
300 ## - PHYSICAL DESCRIPTION
Dimensions 21 cm.
100 ## - MAIN ENTRY--PERSONAL NAME
Personal name Greeley, Andrew M.,
9 (RLIN) 11658
245 00 - TITLE STATEMENT
Title Parish, priest & people :
Remainder of title new leadership for the local church /
Statement of responsibility, etc by Andrew Greeley ... [et al.].
260 ## - PUBLICATION, DISTRIBUTION, ETC. (IMPRINT)
Place of publication, distribution, etc Chicago, Ill. :
Name of publisher, distributor, etc Thomas More Press,
Date of publication, distribution, etc c1981.
300 ## - PHYSICAL DESCRIPTION
Extent 262 p. ;
504 ## - BIBLIOGRAPHY, ETC. NOTE
Bibliography, etc Bibliography: p. 261-262.
650 #0 - SUBJECT ADDED ENTRY--TOPICAL TERM
Topical term or geographic name as entry element Parishes.
9 (RLIN) 11659
650 #0 - SUBJECT ADDED ENTRY--TOPICAL TERM
Topical term or geographic name as entry element Christian sociology
General subdivision Catholic Church.
9 (RLIN) 11660
650 #0 - SUBJECT ADDED ENTRY--TOPICAL TERM
Topical term or geographic name as entry element Pastoral theology
General subdivision Catholic Church.
9 (RLIN) 11661
650 #0 - SUBJECT ADDED ENTRY--TOPICAL TERM
Topical term or geographic name as entry element Christian leadership.
9 (RLIN) 11259
700 1# - ADDED ENTRY--PERSONAL NAME
Personal name Greeley, Andrew M.,
Dates associated with a name 1928-2013.
9 (RLIN) 11662
740 0# - ADDED ENTRY--UNCONTROLLED RELATED/ANALYTICAL TITLE
Uncontrolled related/analytical title Parish, priest, and people.
942 ## - ADDED ENTRY ELEMENTS (KOHA)
Source of classification or shelving scheme Library of Congress Classification
Koha item type Monograph ( Printed materials)
Holdings
Withdrawn status Lost status Source of classification or shelving scheme Damaged status Not for loan Collection code Home library Current library Shelving location Date acquired Total Checkouts Full call number Barcode Date last seen Price effective from Koha item type
    Library of Congress Classification     Main Collection ARRUPE LIBRARY ARRUPE LIBRARY Main Collection 24/09/2014   BX1913 .P287 46500001379 22/11/2017 24/09/2014 Monograph ( Printed materials)

 

Arrupe Library. PO Box MP320 Mt Pleasant, Harare, Zimbabwe
263 242 745411|librarian@aju.ac.zw